| 000 | 01121 a2200157 4500 | ||
|---|---|---|---|
| 003 | NUST | ||
| 005 | 20230202121813.0 | ||
| 040 | _cNust | ||
| 082 | _a954.03,MAS | ||
| 100 |
_aMasani, R. P. _9108464 |
||
| 245 |
_aBritain In India : _bAn Account of British Rule in The Indian Subcontinent / _cR.P. Mashani |
||
| 260 |
_aLondon _bOxford universty press _c1960 |
||
| 300 | _axi:278 p.; | ||
| 505 | _aThe Lure of India (Page-1), Dream of an Empire (Page-7), The Vision of a Self – Governing India (Page-15), The Empire at Its Zenith (Page-29), The Scepter Passes to the Crown (Page-40), The Growth of India Nationalism (Page-52), Liberalizing The Administrative Machinery (Page-68), An Era of Reforms (Page-76), A hero’s Home – Coming (Page-96), The Doctrine of Non-Violence (Page-106), From Diarchy to anarchy (Page-118), The Round Table Conference and After (Page-130), Rebels in Office (Page-153), a Frustrated Mission (Page-179), Quit India (Page-189), Toward Co- Operation (Page-206), Britain Ready (Page-229), The Congress Submits to Partition (Page-247), Exit Britain (Page-263). | ||
| 942 |
_2ddc _cBK _k954.03,MAS |
||
| 999 |
_c194004 _d194004 |
||